[Event "XI Open Vallee d'Aoste A"]
[Site "Saint Vincent - Chatillon ITA"]
[Date "2003.02.15"]
[Round "8"]
[White "Isonzo, David"]
[Black "Legky, Nikolay A."]
[Result "1/2-1/2"]
[WhiteElo "2338"]
[BlackElo "2507"]
[PlyCount "61"]
[EventDate "2003.02.08"]

1. e4 e6 2. d4 d5 3. exd5 exd5 4. Nf3 Nf6 5. Bd3 c5 6. O-O c4 7. Re1+ Be7 8.
Bf1 O-O 9. Nc3 Nc6 10. Bg5 Be6 11. h3 Re8 12. Ne2 Ne4 13. Bxe7 Qxe7 14. Nd2 f5
15. Nf4 Bf7 16. Nxd5 Bxd5 17. f3 Nxd4 18. Nxe4 Qe5 19. Nc3 Qxe1 20. Qxe1 Rxe1
21. Rxe1 Bf7 22. Re7 Rb8 23. b3 Rc8 24. Rxb7 Nxc2 25. Bxc4 Bxc4 26. bxc4 Rxc4
27. Nb5 Rb4 28. Kf2 a5 29. Nd6 Rxb7 30. Nxb7 a4 31. a3 1/2-1/2

[Event "XI Open Vallee d'Aoste A"]
[Site "Saint Vincent - Chatillon ITA"]
[Date "2003.02.15"]
[Round "8"]
[White "Jones, Gawain C.B."]
[Black "Van den Bersselaar, Jeroen"]
[Result "1-0"]
[WhiteElo "2271"]
[BlackElo "2157"]
[PlyCount "67"]
[EventDate "2003.02.08"]

1. e4 e5 2. Nf3 Nc6 3. Nc3 Nf6 4. Bb5 Bc5 5. O-O O-O 6. d3 d6 7. Bg5 h6 8. Bh4
Nd4 9. Nxd4 Bxd4 10. Bxf6 Qxf6 11. Nd5 Qd8 12. c3 c6 13. cxd4 cxd5 14. dxe5
dxe5 15. exd5 Qxd5 16. Bc4 Qd4 17. Re1 Bd7 18. Qh5 Rae8 19. Re4 Qxb2 20. Rae1
b5 21. Bb3 Qd2 22. R4e3 Qb4 23. h3 a5 24. Re4 Qd2 25. R1e3 a4 26. Bd5 Rc8 27.
Rf3 Be6 28. Qxe5 Rc5 29. Rg3 g5 30. Rh4 Bxd5 31. Rxh6 f6 32. Qe7 Qc1+ 33. Kh2
Rf7 34. Qe8+ 1-0

[Event "XI Open Vallee d'Aoste A"]
[Site "Saint Vincent - Chatillon ITA"]
[Date "2003.02.15"]
[Round "8"]
[White "Kohlweyer, Bernd"]
[Black "Cocchi, Andrea"]
[Result "1-0"]
[WhiteElo "2454"]
[BlackElo "2311"]
[PlyCount "81"]
[EventDate "2003.02.08"]

1. d4 e6 2. c4 d5 3. Nf3 Nf6 4. g3 Bb4+ 5. Bd2 Be7 6. Bg2 Ne4 7. O-O Nxd2 8.
Nbxd2 O-O 9. Qc2 Nd7 10. Rfd1 c6 11. Rac1 Qc7 12. a3 Rd8 13. e3 Nf6 14. Ne1 e5
15. cxd5 Nxd5 16. e4 Nf6 17. dxe5 Qxe5 18. Nc4 Qh5 19. Rxd8+ Bxd8 20. Nd3 Bc7
21. e5 Ng4 22. h3 Nxe5 23. Ncxe5 Bxe5 24. g4 Qg5 25. Re1 Bxg4 26. Rxe5 Bf5 27.
Qe2 Rf8 28. Qe3 Qf6 29. Nc5 b6 30. Na4 Be6 31. Nc3 g6 32. Kh2 c5 33. f4 Qd8 34.
Ne4 Bf5 35. Ng3 Be6 36. f5 Ba2 37. Re7 Qd6 38. Rxa7 Rd8 39. Re7 Be6 40. f6 Bd7
41. Rxd7 1-0

[Event "XI Open Vallee d'Aoste A"]
[Site "Saint Vincent - Chatillon ITA"]
[Date "2003.02.15"]
[Round "8"]
[White "Kveinys, Aloyzas"]
[Black "Bellia, Fabrizio"]
[Result "1-0"]
[WhiteElo "2541"]
[BlackElo "2410"]
[PlyCount "83"]
[EventDate "2003.02.08"]

1. e4 e5 2. Nf3 Nf6 3. d4 Nxe4 4. Bd3 d5 5. Nxe5 Nd7 6. Nxd7 Bxd7 7. O-O Qh4 8.
c4 O-O-O 9. c5 Re8 10. Nc3 Nf6 11. Bb5 c6 12. Be2 Ng4 13. Bf4 h5 14. Qa4 Qf6
15. Bxg4 hxg4 16. Bg3 a6 17. Qb3 b5 18. a4 Qxd4 19. axb5 cxb5 20. c6 Bxc6 21.
Rxa6 Rh6 22. Nxb5 Qb4 23. Rxc6+ Rxc6 24. Qxd5 Ree6 25. Na7+ Kb7 26. Nxc6 Rxc6
27. Rc1 Bc5 28. Rc3 Qd4 29. Qxf7+ Ka6 30. h3 gxh3 31. gxh3 Rb6 32. Qc7 Kb5 33.
Qc8 Qd5 34. Qe8+ Ka6 35. Qe2+ Kb7 36. Rd3 Qf5 37. Rd8 Qxh3 38. Qe4+ Rc6 39.
Rb8+ Ka7 40. Qa4+ Ra6 41. Ra8+ Kxa8 42. Qxa6+ 1-0

[Event "XI Open Vallee d'Aoste A"]
[Site "Saint Vincent - Chatillon ITA"]
[Date "2003.02.15"]
[Round "8"]
[White "Miezis, Normunds"]
[Black "Manca, Federico"]
[Result "1-0"]
[WhiteElo "2523"]
[BlackElo "2349"]
[PlyCount "67"]
[EventDate "2003.02.08"]

1. c4 Nf6 2. Nc3 g6 3. g3 Bg7 4. Bg2 c5 5. e4 Nc6 6. Nge2 d6 7. O-O O-O 8. a3
Bd7 9. h3 a6 10. d3 Rb8 11. Rb1 b5 12. cxb5 axb5 13. b4 Nd4 14. bxc5 dxc5 15.
Bf4 Rb6 16. Nxd4 cxd4 17. Ne2 Ne8 18. Bd2 Ra6 19. Bb4 Bc6 20. Qb3 Nd6 21. f4 e5
22. Rbc1 exf4 23. Nxf4 Ba8 24. Rc5 Re8 25. h4 Rc6 26. Nh3 Re6 27. Ng5 Rf6 28.
Rxc6 Bxc6 29. Rc1 Qe8 30. Rxc6 Qxc6 31. e5 Qc1+ 32. Kh2 Rf2 33. Bxd6 Qf1 34.
Qd5 1-0

[Event "XI Open Vallee d'Aoste A"]
[Site "Saint Vincent - Chatillon ITA"]
[Date "2003.02.15"]
[Round "8"]
[White "Prie, Eric"]
[Black "Klinova, Masha"]
[Result "1/2-1/2"]
[WhiteElo "2446"]
[BlackElo "2368"]
[PlyCount "46"]
[EventDate "2003.02.08"]

1. d4 d6 2. e4 Nf6 3. Nc3 e5 4. dxe5 dxe5 5. Qxd8+ Kxd8 6. Bg5 Be6 7. a3 h6 8.
O-O-O+ Nbd7 9. Bxf6+ gxf6 10. f4 Bg4 11. Be2 h5 12. Nd5 Kc8 13. Bxg4 hxg4 14.
Ne2 Bc5 15. b4 Bf8 16. c3 a5 17. b5 c6 18. Ne3 cxb5 19. Nxg4 Ra6 20. Rd5 exf4
21. Nxf4 Rc6 22. Rxb5 Rxc3+ 23. Kb2 Rc5 1/2-1/2

[Event "XI Open Vallee d'Aoste A"]
[Site "Saint Vincent - Chatillon ITA"]
[Date "2003.02.15"]
[Round "8"]
[White "Welling, Gerard"]
[Black "Flear, Glenn Curtis"]
[Result "1/2-1/2"]
[WhiteElo "2400"]
[BlackElo "2503"]
[PlyCount "84"]
[EventDate "2003.02.08"]

1. e4 e5 2. Nf3 Nc6 3. Bc4 Bc5 4. c3 Nf6 5. d4 exd4 6. e5 d5 7. Bb5 Ne4 8. cxd4
Bb4+ 9. Bd2 Bxd2+ 10. Nbxd2 Bd7 11. Qe2 Nxd2 12. Qxd2 O-O 13. Bxc6 Bxc6 14. O-O
a5 15. Rfe1 Bd7 16. Rac1 c6 17. Rc3 Qe7 18. Qf4 Rae8 19. Rce3 Qe6 20. Rb3 Bc8
21. Qd2 a4 22. Ra3 b5 23. Rae3 Qe7 24. Rc1 Bd7 25. Ne1 Qh4 26. Nf3 Qh5 27. Qa5
f6 28. Qc7 Qf7 29. Rce1 fxe5 30. Rxe5 Rxe5 31. Rxe5 Bg4 32. Qxf7+ Kxf7 33. Ng5+
Kg8 34. f3 Bc8 35. Kf2 h6 36. Ne6 Bxe6 37. Rxe6 Rc8 38. Ke3 Kf7 39. Rd6 Ke7 40.
Rg6 Kf7 41. Rd6 Ke7 42. Rg6 Kf7 1/2-1/2

[Event "XI Open Vallee d'Aoste A"]
[Site "Saint Vincent - Chatillon ITA"]
[Date "2003.02.16"]
[Round "9"]
[White "Baklan, Vladimir"]
[Black "Cebalo, Miso"]
[Result "1-0"]
[WhiteElo "2605"]
[BlackElo "2527"]
[PlyCount "69"]
[EventDate "2003.02.08"]

1. e4 c5 2. c3 d5 3. exd5 Qxd5 4. d4 g6 5. Na3 Nf6 6. Nb5 Na6 7. Be3 Bg7 8.
dxc5 O-O 9. Nf3 Be6 10. Be2 Rfc8 11. b4 Qxd1+ 12. Rxd1 Bxa2 13. Ra1 Bd5 14. O-O
Ne4 15. Ra3 Nc7 16. Nxc7 Rxc7 17. Nd4 a6 18. f3 Nf6 19. c4 Bc6 20. Nxc6 Rxc6
21. Rd1 e6 22. f4 Bf8 23. Bf3 Rc7 24. Rad3 Be7 25. Bd4 a5 26. Be5 Rac8 27. Bxc7
Rxc7 28. c6 bxc6 29. bxa5 Ra7 30. Ra1 Ra6 31. Kf1 Kf8 32. Rb3 Bd8 33. Rb8 Ke7
34. Rb7+ Kf8 35. Bxc6 1-0

[Event "XI Open Vallee d'Aoste A"]
[Site "Saint Vincent - Chatillon ITA"]
[Date "2003.02.16"]
[Round "9"]
[White "Borgo, Giulio"]
[Black "Miezis, Normunds"]
[Result "1-0"]
[WhiteElo "2430"]
[BlackElo "2523"]
[PlyCount "79"]
[EventDate "2003.02.08"]

1. d4 b6 2. e4 Bb7 3. Bd3 e6 4. Nf3 c5 5. c3 Nf6 6. Qe2 Be7 7. O-O Nc6 8. a3 d5
9. e5 Nd7 10. b4 g5 11. Be3 h5 12. Nbd2 g4 13. Ne1 Qc7 14. f3 Rg8 15. fxg4 hxg4
16. g3 Bg5 17. Bxg5 Rxg5 18. Qe3 Qd8 19. bxc5 bxc5 20. Rb1 Rb8 21. Bb5 Rg8 22.
Nd3 c4 23. Nf4 Qg5 24. Bxc4 dxc4 25. Ne4 Qe7 26. Nd6+ Kd8 27. Rxb7 Rxb7 28.
Nxb7+ Kc7 29. Nd6 Rb8 30. Nxc4 Nd8 31. Nd6 Rb3 32. Qd3 Nb6 33. a4 Nc6 34. Qc2
Ra3 35. Nd3 f5 36. Nc5 Kd8 37. Qb2 Qg5 38. Rf4 Nxd4 39. cxd4 Re3 40. Qc1 1-0

[Event "XI Open Vallee d'Aoste A"]
[Site "Saint Vincent - Chatillon ITA"]
[Date "2003.02.16"]
[Round "9"]
[White "Buchicchio, Giampaolo"]
[Black "Arakhamia-Grant, Ketevan"]
[Result "0-1"]
[WhiteElo "2259"]
[BlackElo "2413"]
[PlyCount "104"]
[EventDate "2003.02.08"]

1. e4 c5 2. c3 d5 3. exd5 Qxd5 4. d4 Nf6 5. Nf3 e6 6. Be2 Nc6 7. O-O cxd4 8.
cxd4 Be7 9. Nc3 Qd6 10. Nb5 Qd8 11. Bf4 Nd5 12. Bg3 O-O 13. Bc4 a6 14. Bxd5
axb5 15. Be4 Nb4 16. Qb3 f5 17. Bb1 Nd5 18. Be5 b4 19. Bd3 Bd7 20. Bc4 Bc6 21.
Ne1 Qe8 22. Qg3 g5 23. f4 g4 24. h3 h5 25. hxg4 hxg4 26. Kf2 Qg6 27. Nc2 Nb6
28. Bb3 Nd7 29. Rae1 Be4 30. Ne3 Nxe5 31. dxe5 Rad8 32. Rd1 Kf7 33. Ke2 b5 34.
Nc2 Bc5 35. Qh4 Rh8 36. Qg3 Qh6 37. Rxd8 Rxd8 38. Rd1 Rxd1 39. Kxd1 Qh1+ 40.
Ne1 Bd4 41. a3 bxa3 42. bxa3 Bc5 43. Qc3 Qg1 44. Qd2 Ke7 45. a4 b4 46. Bc2 Bc6
47. a5 Bb5 48. Bb3 g3 49. Kc2 Qf1 50. Nf3 Qf2 51. Kd1 Bc6 52. Nh4 Qf1+ 0-1

[Event "XI Open Vallee d'Aoste A"]
[Site "Saint Vincent - Chatillon ITA"]
[Date "2003.02.16"]
[Round "9"]
[White "Costantini, Roberto"]
[Black "Prie, Eric"]
[Result "1/2-1/2"]
[WhiteElo "2274"]
[BlackElo "2446"]
[PlyCount "32"]
[EventDate "2003.02.08"]

1. e4 c5 2. Nf3 Nc6 3. d4 cxd4 4. Nxd4 g6 5. c4 Nf6 6. Nc3 d6 7. Be2 Nxd4 8.
Qxd4 Bg7 9. Be3 O-O 10. Qd2 Be6 11. O-O Qa5 12. Rab1 Rfc8 13. Rfc1 Bxc4 14. Nd5
Qxd2 15. Nxe7+ Kf8 16. Bxd2 Kxe7 1/2-1/2

[Event "XI Open Vallee d'Aoste A"]
[Site "Saint Vincent - Chatillon ITA"]
[Date "2003.02.16"]
[Round "9"]
[White "Delchev, Aleksander"]
[Black "Drazic, Sinisa"]
[Result "1/2-1/2"]
[WhiteElo "2583"]
[BlackElo "2462"]
[PlyCount "101"]
[EventDate "2003.02.08"]

1. e4 c5 2. Nf3 e6 3. d4 a6 4. c3 d5 5. e5 Bd7 6. a3 cxd4 7. cxd4 Bb5 8. Bxb5+
axb5 9. O-O b4 10. Bg5 Ne7 11. Nbd2 h6 12. Bxe7 Bxe7 13. axb4 Rxa1 14. Qxa1
Bxb4 15. Qa4+ Nc6 16. Nb3 O-O 17. Qb5 Qe7 18. Ra1 Rc8 19. h4 Qd7 20. h5 Be7 21.
Nc5 Bxc5 22. Qxc5 Qd8 23. Qb5 Ra8 24. Rc1 Qe7 25. g3 Ra5 26. Qb6 Ra4 27. Rc5
Ra6 28. Qb3 Qc7 29. Kg2 Rb6 30. Qc3 Qe7 31. Kf1 Qf8 32. Qa3 Ra6 33. Qd3 Rb6 34.
Rb5 Qd8 35. Qb3 Rxb5 36. Qxb5 Qa8 37. Kg2 Qa7 38. g4 Qa6 39. Qb3 Qe2 40. Qc3
Qe4 41. Kg3 g5 42. hxg6 Qxg6 43. Nh4 Qe4 44. Nf3 Qg6 45. Nh4 Qb1 46. Qd2 Kg7
47. Nf3 Qg6 48. Nh4 Qe4 49. Nf3 Qg6 50. Nh4 Qe4 51. Nf3 1/2-1/2

[Event "XI Open Vallee d'Aoste A"]
[Site "Saint Vincent - Chatillon ITA"]
[Date "2003.02.16"]
[Round "9"]
[White "Flear, Glenn Curtis"]
[Black "Mrdja, Milan"]
[Result "1/2-1/2"]
[WhiteElo "2503"]
[BlackElo "2346"]
[PlyCount "73"]
[EventDate "2003.02.08"]

1. d4 Nf6 2. c4 c5 3. d5 g6 4. Nc3 Bg7 5. e4 d6 6. f4 O-O 7. Nf3 e6 8. Be2 exd5
9. cxd5 Bg4 10. O-O Nbd7 11. Re1 Ne8 12. Ng5 Bxe2 13. Rxe2 Nc7 14. Be3 a6 15.
Nf3 Re8 16. Bf2 Nb5 17. Rc1 Nxc3 18. bxc3 b5 19. c4 Qa5 20. Bg3 Nb6 21. cxb5
axb5 22. e5 Qa4 23. Rcc2 Nc4 24. Qe1 Qa6 25. f5 dxe5 26. Nxe5 Nxe5 27. Bxe5
Bxe5 28. Rxe5 Rxe5 29. Qxe5 c4 30. d6 b4 31. fxg6 hxg6 32. Qd5 Rd8 33. Qxc4
Qxd6 34. Rf2 Qd1+ 35. Rf1 Qd4+ 36. Qxd4 Rxd4 37. Rb1 1/2-1/2

[Event "XI Open Vallee d'Aoste A"]
[Site "Saint Vincent - Chatillon ITA"]
[Date "2003.02.16"]
[Round "9"]
[White "Houska, Jovanka"]
[Black "Skripchenko, Almira"]
[Result "1/2-1/2"]
[WhiteElo "2386"]
[BlackElo "2501"]
[PlyCount "82"]
[EventDate "2003.02.08"]

1. e4 g6 2. d4 Bg7 3. Nf3 d6 4. Be2 Nd7 5. O-O c6 6. a4 a5 7. Nc3 Qc7 8. Be3
Ngf6 9. h3 O-O 10. Qd2 e5 11. dxe5 dxe5 12. Rfd1 Nh5 13. Qd6 Qd8 14. Nd2 Nf4
15. Bxf4 exf4 16. Qxf4 Be5 17. Qe3 Qf6 18. Nc4 Bc7 19. Bg4 Ne5 20. Nxe5 Qxe5
21. Bxc8 Qh2+ 22. Kf1 Raxc8 23. Ne2 Qe5 24. Qd4 Qe6 25. Kg1 Rfd8 26. Qe3 Qe5
27. c3 Re8 28. Ng3 f5 29. Qd4 f4 30. Nf1 Qxe4 31. Qxe4 Rxe4 32. Nd2 Re7 33. Kf1
Kf7 34. Nc4 Kf6 35. Rd3 Rd8 36. Rxd8 Bxd8 37. Rd1 Bc7 38. Rd4 g5 39. b4 axb4
40. cxb4 h5 41. f3 Be5 1/2-1/2

[Event "XI Open Vallee d'Aoste A"]
[Site "Saint Vincent - Chatillon ITA"]
[Date "2003.02.16"]
[Round "9"]
[White "Iordachescu, Viorel"]
[Black "Arizmendi Martinez, Julen Luis"]
[Result "1/2-1/2"]
[WhiteElo "2550"]
[BlackElo "2520"]
[PlyCount "85"]
[EventDate "2003.02.08"]

1. c4 Nf6 2. Nc3 g6 3. g3 Bg7 4. Bg2 O-O 5. e4 d6 6. Nge2 c5 7. O-O Nc6 8. a3
Ne8 9. Rb1 a5 10. d3 Nc7 11. f4 f5 12. h3 Bd7 13. Be3 Ne6 14. exf5 gxf5 15. Bf2
Rb8 16. Nb5 Ned4 17. Nexd4 Nxd4 18. Nxd4 cxd4 19. b4 axb4 20. Rxb4 Bc6 21. Qb3
Kh8 22. Rb1 Rc8 23. Re1 e5 24. Bxc6 bxc6 25. Rb7 c5 26. Qb5 Rc7 27. a4 Rxb7 28.
Qxb7 Qa5 29. Qc6 exf4 30. gxf4 Qd2 31. Qf3 Qa2 32. Qd1 Rb8 33. Re2 Qa3 34. Be1
Bh6 35. Kf1 Bxf4 36. Re7 Rg8 37. Bh4 Be5 38. Rxe5 dxe5 39. Bf6+ Rg7 40. Bxe5
Qa2 41. Bxg7+ Kxg7 42. Qf3 Qxa4 43. Qxf5 1/2-1/2

[Event "XI Open Vallee d'Aoste A"]
[Site "Saint Vincent - Chatillon ITA"]
[Date "2003.02.16"]
[Round "9"]
[White "Klinova, Masha"]
[Black "Kohlweyer, Bernd"]
[Result "1/2-1/2"]
[WhiteElo "2368"]
[BlackElo "2454"]
[PlyCount "35"]
[EventDate "2003.02.08"]

1. e4 e6 2. d3 d5 3. Nd2 c5 4. Ngf3 Nc6 5. g3 Bd6 6. Bg2 Nge7 7. O-O O-O 8. Re1
Bc7 9. c3 Rb8 10. a3 a5 11. a4 b6 12. Nf1 h6 13. exd5 exd5 14. d4 Be6 15. Be3
Nf5 16. Qd2 Nxe3 17. Nxe3 c4 18. Nh4 1/2-1/2

[Event "XI Open Vallee d'Aoste A"]
[Site "Saint Vincent - Chatillon ITA"]
[Date "2003.02.16"]
[Round "9"]
[White "Mitkov, Nikola"]
[Black "Welling, Gerard"]
[Result "1-0"]
[WhiteElo "2534"]
[BlackElo "2400"]
[PlyCount "115"]
[EventDate "2003.02.08"]

1. e4 e5 2. Bc4 Bc5 3. Nc3 Nf6 4. d3 Nc6 5. f4 d6 6. Nf3 a6 7. Nd5 h6 8. c3 Ba7
9. f5 Bd7 10. b4 Ng4 11. Ng5 hxg5 12. Qxg4 f6 13. h4 Ne7 14. Rh3 Bc6 15. hxg5
Rxh3 16. gxh3 Bxd5 17. Bxd5 Nxd5 18. exd5 Qe7 19. gxf6 gxf6 20. Qg8+ Qf8 21.
Qe6+ Qe7 22. Qg8+ Qf8 23. Qe6+ Kd8 24. Bd2 c6 25. dxc6 bxc6 26. O-O-O Kc7 27.
d4 exd4 28. Bf4 Re8 29. Bxd6+ Qxd6 30. Qxe8 Qf4+ 31. Kc2 Qxf5+ 32. Rd3 Qf2+ 33.
Rd2 Qf5+ 34. Kb3 Qxh3 35. Qf7+ Kb8 36. Re2 Qxc3+ 37. Ka4 Ka8 38. Qb3 Qc1 39.
Rc2 Qg5 40. Qc4 Qb5+ 41. Kb3 Kb7 42. a4 Qb6 43. Qf7+ Qc7 44. Qxc7+ Kxc7 45. Kc4
a5 46. b5 cxb5+ 47. axb5 Kd6 48. Rf2 Ke6 49. Re2+ Kd6 50. Re8 Bb6 51. Rc8 Bc7
52. Kxd4 f5 53. Kc4 f4 54. Rf8 Ke7 55. Rh8 f3 56. Kc5 Ke6 57. Kc6 Be5 58. Rh3
1-0

[Event "XI Open Vallee d'Aoste A"]
[Site "Saint Vincent - Chatillon ITA"]
[Date "2003.02.16"]
[Round "9"]
[White "Ortega, Lexy"]
[Black "Bontempi, Piero"]
[Result "0-1"]
[WhiteElo "2452"]
[BlackElo "2316"]
[PlyCount "60"]
[EventDate "2003.02.08"]

1. d4 d5 2. c4 Bf5 3. Nc3 e6 4. Nf3 Nf6 5. Nh4 Be4 6. f3 Bg6 7. e3 c5 8. cxd5
Nxd5 9. Nxg6 hxg6 10. e4 Nxc3 11. bxc3 cxd4 12. cxd4 Bb4+ 13. Ke2 Bc3 14. Rb1
Bxd4 15. Rxb7 O-O 16. Ba3 Re8 17. Qa4 Qc8 18. Rb1 Rd8 19. Rc1 Qb7 20. g3 a5 21.
Rc4 e5 22. Bh3 Na6 23. Rhc1 Nb4 24. Qb3 Qa6 25. Ke1 Nd3+ 26. Qxd3 Bf2+ 27. Ke2
Rxd3 28. Kxd3 Rd8+ 29. Ke2 Rd4 30. Bc8 Qb5 0-1

[Event "XI Open Vallee d'Aoste A"]
[Site "Saint Vincent - Chatillon ITA"]
[Date "2003.02.16"]
[Round "9"]
[White "Relange, Eloi"]
[Black "Pavlovic, Milos"]
[Result "1/2-1/2"]
[WhiteElo "2499"]
[BlackElo "2560"]
[PlyCount "65"]
[EventDate "2003.02.08"]

1. d4 Nf6 2. Nf3 g6 3. c4 Bg7 4. Nc3 O-O 5. e4 d6 6. Be2 c5 7. O-O cxd4 8. Nxd4
Nc6 9. Be3 Bd7 10. Qd2 Nxd4 11. Bxd4 Bc6 12. f3 a5 13. b3 Nd7 14. Be3 Nc5 15.
Rab1 Qb6 16. Nd5 Bxd5 17. exd5 Rfe8 18. a3 Qc7 19. Rfe1 e6 20. dxe6 Rxe6 21.
Bf2 a4 22. b4 Nb3 23. Qd3 Rae8 24. Bf1 Bd4 25. Rxe6 Bxf2+ 26. Kxf2 Rxe6 27. g3
Qb6+ 28. Kg2 Re3 29. c5 Rxd3 30. cxb6 Rd2+ 31. Kh3 Nd4 32. f4 Ne2 33. Bxe2
1/2-1/2

[Event "XI Open Vallee d'Aoste A"]
[Site "Saint Vincent - Chatillon ITA"]
[Date "2003.02.16"]
[Round "9"]
[White "Sedina, Elena"]
[Black "Contin, Daniel"]
[Result "1/2-1/2"]
[WhiteElo "2425"]
[BlackElo "2330"]
[PlyCount "64"]
[EventDate "2003.02.08"]

1. e4 e6 2. d4 d5 3. e5 c5 4. c3 Bd7 5. Nf3 Qb6 6. Nbd2 Nc6 7. Nb3 cxd4 8.
Nfxd4 Nxd4 9. Nxd4 Ne7 10. Bd3 Nc6 11. Nf3 a5 12. O-O a4 13. Qe2 Bc5 14. Rb1
Na7 15. b4 axb3 16. Rxb3 Qc7 17. Ba3 b6 18. Rfb1 Nc6 19. Bxc5 bxc5 20. Rb7 Qa5
21. Ng5 Nd8 22. Qh5 g6 23. Qf3 c4 24. Qf6 Rf8 25. Nxh7 Nxb7 26. Nxf8 cxd3 27.
Rxb7 d2 28. h4 d1=Q+ 29. Kh2 Qd8 30. Qh8 Qh5 31. Nh7+ Ke7 32. Qf6+ Ke8 1/2-1/2

[Event "XI Open Vallee d'Aoste A"]
[Site "Saint Vincent - Chatillon ITA"]
[Date "2003.02.16"]
[Round "9"]
[White "Tiviakov, Sergei"]
[Black "Godena, Michele"]
[Result "1-0"]
[WhiteElo "2635"]
[BlackElo "2524"]
[PlyCount "46"]
[EventDate "2003.02.08"]

1. e4 e5 2. Nf3 Nc6 3. Bc4 Nf6 4. d3 Bc5 5. c3 a6 6. Bb3 d6 7. O-O b5 8. a4 Bb7
9. Na3 h6 10. Be3 Bxe3 11. fxe3 bxa4 12. Bxa4 O-O 13. Nc4 Ne7 14. Na5 Bc8 15.
b4 c5 16. bxc5 Qxa5 17. cxd6 Ng6 18. Bc6 Qb6 19. Bxa8 Ng4 20. Qd2 Nxe3 21. Qf2
Nf4 22. Nxe5 Nfxg2 23. d7 Qd6 1-0

[Event "XI Open Vallee d'Aoste A"]
[Site "Saint Vincent - Chatillon ITA"]
[Date "2003.02.16"]
[Round "9"]
[White "Vezzosi, Paolo"]
[Black "Arlandi, Ennio"]
[Result "1/2-1/2"]
[WhiteElo "2379"]
[BlackElo "2456"]
[PlyCount "38"]
[EventDate "2003.02.08"]

1. d4 d5 2. c4 c6 3. Nc3 Nf6 4. cxd5 cxd5 5. Bf4 a6 6. e3 Nc6 7. Bd3 Bg4 8.
Nge2 e6 9. O-O Be7 10. Bg3 Bh5 11. f3 Bg6 12. Nf4 Bxd3 13. Nxd3 O-O 14. Qe2 Nd7
15. Rfc1 Rc8 16. Na4 Bh4 17. Bd6 Be7 18. Bg3 Bh4 19. Bd6 Be7 1/2-1/2

[Event "XI Open Vallee d'Aoste A"]
[Site "Saint Vincent - Chatillon ITA"]
[Date "2003.02.16"]
[Round "9"]
[White "Zelcic, Robert"]
[Black "Ibrahimov, Rasul"]
[Result "0-1"]
[WhiteElo "2576"]
[BlackElo "2462"]
[PlyCount "88"]
[EventDate "2003.02.08"]

1. e4 c5 2. Nf3 d6 3. d4 cxd4 4. Nxd4 Nf6 5. Nc3 a6 6. Be2 e5 7. Nb3 Be7 8. O-O
O-O 9. Kh1 Nbd7 10. a4 b6 11. f3 Qc7 12. Be3 Rd8 13. Rf2 Nc5 14. Nxc5 dxc5 15.
Qf1 h6 16. Bc4 Bb7 17. Rd1 Rxd1 18. Qxd1 Rd8 19. Rd2 Rxd2 20. Qxd2 Qd6 21. Qe2
a5 22. g3 Ne8 23. Kg2 Bg5 24. Bf2 Nc7 25. h4 Bd8 26. Nd1 h5 27. Ne3 g6 28. c3
Kg7 29. Qc2 Bc8 30. Qb3 Ne6 31. Bd5 Qd7 32. Nc4 Bxh4 33. Nxe5 Nf4+ 34. gxf4
Qh3+ 35. Kg1 Bg3 36. Bxg3 Qxg3+ 37. Kf1 Qxf4 38. Qxb6 Qe3 39. Ng4 hxg4 40. Qc7
Qxf3+ 41. Ke1 g3 42. Qxc5 Bg4 43. Qd4+ Kh7 44. Bc4 Qh1+ 0-1